| 000 | 00425nam a2200133 a 4500 | ||
|---|---|---|---|
| 001 | 000037971 | ||
| 005 | 20201002031138.0 | ||
| 008 | 130311s19uu dr 000 0 spa d | ||
| 040 |
_aDO-SdBNP _bspa _cBNPHU |
||
| 110 | 1 |
_aRepública Dominicana _bAlianza País _964379 |
|
| 245 | 1 | 3 |
_aLa puerta de entrada en Alianza País : _bguía del facilitador. |
| 260 |
_aSanto Domingo : _bAlianza País, _c[20-?]. |
||
| 300 |
_a22 p. ; _c22 cm. |
||
| 999 |
_c37461 _d37461 |
||